SRB'S MANUAL OF SURGERY (Record no. 14947)

MARC details
000 -LEADER
fixed length control field 00338nam a22001577a 4500
003 - CONTROL NUMBER IDENTIFIER
control field SGT
020 ## - INTERNATIONAL STANDARD BOOK NUMBER
International Standard Book Number 978-93-5152-416-8
082 ## - DEWEY DECIMAL CLASSIFICATION NUMBER
Classification number 617
Item number M17B
100 ## - MAIN ENTRY--PERSONAL NAME
Personal name M,BHAT,SRIRAM
245 ## - TITLE STATEMENT
Title SRB'S MANUAL OF SURGERY
250 ## - EDITION STATEMENT
Edition statement 5TH
260 ## - PUBLICATION, DISTRIBUTION, ETC. (IMPRINT)
Place of publication, distribution, etc NEW DELHI
Name of publisher, distributor, etc JAYPEE PUB
Year of Publication 2017
300 ## - PAGE DESCRIPTION
No. of Pages 1250
650 ## - SUBJECT ADDED ENTRY--TOPICAL TERM
Topical term or geographic name as entry element AYURVEDA
942 ## - ADDED ENTRY ELEMENTS (KOHA)
Source of classification or shelving scheme Dewey Decimal Classification
Koha item type Books
942 ## - ADDED ENTRY ELEMENTS (KOHA)
-- 7
Holdings
Withdrawn status Lost status Source of classification or shelving scheme Damaged status Not for loan Collection code Home library Current library Shelving location Date acquired Vendor Name Cost, normal purchase price SGTU Bill Number Total Checkouts Full call number Accession No. (Barcode) Date last seen Bill Date Koha item type Checked out Date last borrowed Total Renewals
    Dewey Decimal Classification     AYURVEDA SGT FA-FP Library SGT FA-FP Library Text Book 31/01/2018 AHUJA PUB 1350.00 SGTU 9136   617 M17B FA8114 31/01/2018 04/01/2018 Books      
    Dewey Decimal Classification     AYURVEDA SGT FA-FP Library SGT FA-FP Library Text Book 31/01/2018 AHUJA PUB 1350.00 SGTU 9136 30 617 M17B FA8115 28/05/2026 04/01/2018 Books 11/06/2026 28/05/2026  
    Dewey Decimal Classification     AYURVEDA SGT FA-FP Library SGT FA-FP Library Text Book 31/01/2018 AHUJA PUB 1350.00 SGTU 9136 23 617 M17B FA8116 06/08/2025 04/01/2018 Books   06/08/2025  
    Dewey Decimal Classification     AYURVEDA SGT FA-FP Library SGT FA-FP Library Text Book 31/01/2018 AHUJA PUB 1350.00 SGTU 9136 28 617 M17B FA8117 02/12/2025 04/01/2018 Books   15/11/2025 1
    Dewey Decimal Classification     AYURVEDA SGT FA-FP Library SGT FA-FP Library Text Book 31/01/2018 AHUJA PUB 1350.00 SGTU 9136 24 617 M17B FA8118 26/05/2026 04/01/2018 Books   12/05/2026